=LDR 00000nam 2200000 4500 =001 000462 =005 20250711022143 =035 ##$$a 0010-0725000324 =007 ta =008 250711################a##########0#ind## =020 ##$$a 978-623-307-727-9 =082 ##$$a 398.209 598 =100 #$$a Rangarajan, Radha =245 1#$$a Siapa Yang Baru Saja Lewat /$c Radha Sanghvi =250 ##$$a pertama =260 ##$$a Jakarta :$b Badan Pengembangan dan Pembinaan Bahasa,$c 2022 =300 ##$$a 18hlm. : $b ilus. ; $c 22,9cm =650 #4$$a cerita anak indonesia terjemahan =650 #4$$a literasi bahan bacaan =700 #$$a Kalp Sanghvi =084 ##$$a 398.209 598 RAN s =990 ##$$a TBM202400212